000 00298nam a2200121 a 4500
008 040304s1981||||xx 0 und c
040 _aSNK
_bslo
_cSNK
_eAACR2
245 1 0 _aLevoča
020 _c10
044 _axo
_cSK
041 _aslo
260 _c1981
_aKošice
_bVýchodoslovenský vydavateľstvo
999 _c19681
_d19681